=LDR 00000nam 2200000 4500 =001 INLIS000000000015651 =005 20130612110926 =008 ***********************************Indo** =035 ##$$0010-061300000015651 =041 ##$$a Indo =082 ##$$a F.Rom K =090 ##$$a F.Rom K, Mir m =100 ##$$a Mirta Herman =245 ##$$a Murni gadis Pembatik, Herman Mirta =260 ##$$a 1996 $b jakarta =300 ##$$a 71 hlm, ilus, 20 cm =650 ##$$a Fiksi Kanak-Kanak =850 ##$$a NBPNMAT